|
|
|
|
| LEADER |
00000nam a2200000 i 4500 |
| 001 |
115696 |
| 003 |
CZ-ZlUTB |
| 005 |
20260529085400.0 |
| 007 |
ta |
| 008 |
260317s2026 xr e f 000 0 cze |
| 015 |
|
|
|a cnb003746117
|
| 020 |
|
|
|a 978-80-7551-418-9
|q (brožováno)
|z 978-80-7551-177-5
|
| 040 |
|
|
|a BOA001
|b cze
|d OLA001
|e rda
|
| 072 |
|
7 |
|a 159.92
|x Vývojová psychologie. Individuální psychologie
|2 Konspekt
|9 17
|
| 080 |
|
|
|a 316.346.32-053.2-056.49
|2 MRF
|
| 080 |
|
|
|a 159.922.7
|2 MRF
|
| 080 |
|
|
|a 616.89-008.444.9-053.2
|2 MRF
|
| 080 |
|
|
|a 316.48
|2 MRF
|
| 080 |
|
|
|a (035)
|2 MRF
|
| 080 |
|
|
|a (078.7)
|2 MRF
|
| 100 |
1 |
|
|a Svoboda, Jan,
|d 1957-
|7 jn20000620348
|4 aut
|
| 245 |
1 |
0 |
|a Inspirace k řešení konfliktních situací dětí a dospívajících /
|c Jan Svoboda
|
| 264 |
|
1 |
|a [Praha] :
|b Jonathan Livingston,
|c 2026
|
| 300 |
|
|
|a 172 stran ;
|c 23 cm
|
| 336 |
|
|
|a text
|b txt
|2 rdacontent
|
| 337 |
|
|
|a bez média
|b n
|2 rdamedia
|
| 338 |
|
|
|a svazek
|b nc
|2 rdacarrier
|
| 504 |
|
|
|a Obsahuje bibliografii
|
| 521 |
8 |
|
|a Určeno hlavně pedagogům, vedoucím skupin dětí, dospívajících i rodičům
|
| 650 |
0 |
7 |
|a problémové děti
|7 ph115884
|2 czenas
|
| 650 |
0 |
7 |
|a psychologie dítěte
|7 ph117256
|2 czenas
|
| 650 |
0 |
7 |
|a dětská agresivita
|7 ph118301
|2 czenas
|
| 650 |
0 |
7 |
|a konflikty
|7 ph121797
|2 czenas
|
| 650 |
0 |
9 |
|a problem children
|2 eczenas
|
| 650 |
0 |
9 |
|a child psychology
|2 eczenas
|
| 650 |
0 |
9 |
|a aggressiveness
|2 eczenas
|
| 650 |
0 |
9 |
|a conflicts
|2 eczenas
|
| 655 |
|
7 |
|a příručky
|7 fd133209
|2 czenas
|
| 655 |
|
7 |
|a případové studie
|7 fd133208
|2 czenas
|
| 655 |
|
9 |
|a handbooks and manuals
|2 eczenas
|
| 655 |
|
9 |
|a case studies
|2 eczenas
|
| 710 |
2 |
|
|a Jonathan Livingston (nakladatelství)
|7 xx0221730
|4 pbl
|
| 910 |
|
|
|a ZLD002
|
| 942 |
|
|
|2 udc
|
| 952 |
|
|
|0 0
|1 0
|4 0
|6 15SVOBODAJ
|7 0
|8 BOOK
|9 191273
|a UTBZL
|b UTBZL
|c 005
|d 2026-05-25
|l 0
|o 15/SVOBODA,J.
|p 420010201827
|r 2026-05-25 09:34:39
|v 289.00
|w 2026-05-25
|x N:nákup
|y 01
|
| 952 |
|
|
|0 0
|1 0
|4 0
|6 15SVOBODAJ
|7 0
|8 BOOK
|9 191274
|a UTBZL
|b UTBZL
|c 006
|d 2026-05-25
|l 0
|o 15/SVOBODA,J.
|p 420010201828
|r 2026-05-25 09:34:52
|v 289.00
|w 2026-05-25
|x N:nákup
|y 04
|
| 992 |
|
|
|a BK
|b SK
|
| 999 |
|
|
|c 115696
|d 115696
|